000 00314nam a2200121Ia 4500
008 250110s9999 xx 000 0 und d
041 _aeng
100 _aDeshpande A.
_9107363
245 _aEnergy Park
260 _bFinal Year B. Arch, BNCA
_c2005
300 _a142p
700 _aGuide Name:Gokhale Vasudha
_9209538
999 _c362725
_d362725